Regreso al futuro : Trabajo sin riesgo con hidrocarburos.
Guardado en:
| Formato: | |
|---|---|
| Series: | Cambios climáticos
|
| Materias: | |
| Etiquetas: |
Agregar Etiqueta
Sin Etiquetas, Sea el primero en etiquetar este registro!
|
| LEADER | 00970ngm a22002775g 4500 | ||
|---|---|---|---|
| 001 | CEM.cems022520 | ||
| 008 | 130507b2000##################0###0#####d | ||
| 005 | 20241105172543.0 | ||
| 245 | 0 | 0 | |a Regreso al futuro : |b Trabajo sin riesgo con hidrocarburos. |
| 300 | |a 16'. | ||
| 490 | 0 | |a Cambios climáticos | |
| 500 | |a En soporte VHS, consultar en ventanilla. | ||
| 505 | 0 | |a El agotamiento de la capa de ozono. El uso de CFC. Hidrocarburos no contaminantes como alternativa en la fabricación de refrigeradores. | |
| 538 | |a Soporte: VHS - Norma: Pal N - Color: Si - Grabación DRD 2000 - Hitachi=5066 | ||
| 082 | 5 | 7 | |. 5/EDU |
| 653 | |a ECOLOGIA | ||
| 653 | |a MEDIO AMBIENTE | ||
| 653 | |a CONTAMINACION | ||
| 653 | |a OZONO | ||
| 653 | |a CLIMA | ||
| 653 | |a ATMOSFERA | ||
| 653 | |a RAYOS ULTRAVIOLETA | ||
| 653 | |a HIDROCARBUROS | ||
| 653 | |a NIVEL PRIMARIO | ||
| 653 | |a NIVEL SECUNDARIO | ||
| 859 | |a CEMS |b BIB. CEMS - Depto. Recursos Didacticos |h 574.5 |i EDU |k DRD |p 1163.12 |t Ej.1 | ||
